000 00277nam a22001097a 4500
008 170119b xxu||||| |||| 00| 0 eng d
020 _a9780815126034
041 _aeng
080 _a618.2
245 _aPRICIPLES AND PRACTICE OF PSYCHIATRIC NURSING
_cSTUART, G.W
942 _2udc
_cBK
999 _c3185
_d3185